<?xml version="1.0" encoding="UTF-8"?>
<record
    xmlns:xsi="http://www.w3.org/2001/XMLSchema-instance"
    xsi:schemaLocation="http://www.loc.gov/MARC21/slim http://www.loc.gov/standards/marcxml/schema/MARC21slim.xsd"
    xmlns="http://www.loc.gov/MARC21/slim">

  <leader>01427nam a2200289 a 4500</leader>
  <controlfield tag="003">DO-SdBNP</controlfield>
  <controlfield tag="005">20260211101520.0</controlfield>
  <controlfield tag="007">ta</controlfield>
  <controlfield tag="008">220127e2019    dr ||||frgl|| 000 0 spa d</controlfield>
  <datafield tag="020" ind1=" " ind2=" ">
    <subfield code="a">9789945610192</subfield>
  </datafield>
  <datafield tag="040" ind1=" " ind2=" ">
    <subfield code="a">DO-SdBNP</subfield>
    <subfield code="b">spa</subfield>
    <subfield code="c">BNPHU</subfield>
  </datafield>
  <datafield tag="082" ind1=" " ind2="4">
    <subfield code="b">R426r</subfield>
    <subfield code="2">22</subfield>
  </datafield>
  <datafield tag="110" ind1="1" ind2=" ">
    <subfield code="9">43494</subfield>
    <subfield code="a">Rep&#xFA;blica Dominicana.</subfield>
    <subfield code="b">Tribunal Constitucional.</subfield>
  </datafield>
  <datafield tag="245" ind1="1" ind2="0">
    <subfield code="a">Reglamento de la Carrera Constitucional /</subfield>
    <subfield code="c">Edici&#xF3;n, Leonor Tejada</subfield>
  </datafield>
  <datafield tag="260" ind1=" " ind2=" ">
    <subfield code="a">Santo Domingo :</subfield>
    <subfield code="b">Tribunal Consitucional,</subfield>
    <subfield code="c">2019</subfield>
  </datafield>
  <datafield tag="300" ind1=" " ind2=" ">
    <subfield code="a">31 p ;</subfield>
    <subfield code="c">23 cm.</subfield>
  </datafield>
  <datafield tag="505" ind1=" " ind2=" ">
    <subfield code="a">Glosario de t&#xE9;rminos.</subfield>
    <subfield code="g">T&#xCD;TULO I.</subfield>
    <subfield code="t">Carrera Constitucional.--</subfield>
    <subfield code="g">T&#xCD;TULO II.</subfield>
    <subfield code="t">Disposiciones Generales.--</subfield>
    <subfield code="g">T&#xCD;TULO III.</subfield>
    <subfield code="t">Direcci&#xF3;n de la Carrera Constitucional.--</subfield>
    <subfield code="g">T&#xCD;TULO IV.</subfield>
    <subfield code="t">Ingreso a la Carrera Constitucional.--</subfield>
    <subfield code="g">T&#xCD;TULO V.</subfield>
    <subfield code="t">Terminaci&#xF3;n de la Carrera Constitucional.--</subfield>
    <subfield code="g">T&#xCD;TULO VI.</subfield>
    <subfield code="t">Procedimientos Complementarios de la Carrera Constitucional.--</subfield>
    <subfield code="g">T&#xCD;TULO VII.</subfield>
    <subfield code="t">Disposiciones Generales.</subfield>
  </datafield>
  <datafield tag="590" ind1=" " ind2=" ">
    <subfield code="a">Inventariado 2022 / MF</subfield>
  </datafield>
  <datafield tag="610" ind1="1" ind2="0">
    <subfield code="a">Rep&#xFA;blica Dominicana.</subfield>
    <subfield code="b">Corte de Constitucionalidad </subfield>
    <subfield code="9">71191</subfield>
  </datafield>
  <datafield tag="650" ind1=" " ind2="0">
    <subfield code="a">Tribunales constitucionales</subfield>
    <subfield code="v">Reglamentos</subfield>
    <subfield code="9">78719</subfield>
  </datafield>
  <datafield tag="650" ind1=" " ind2="4">
    <subfield code="9">77743</subfield>
    <subfield code="a">Tribunal Constitucional (rep&#xFA;blica dominicana)</subfield>
    <subfield code="v">Reglamentos</subfield>
  </datafield>
  <datafield tag="650" ind1=" " ind2="4">
    <subfield code="9">56229</subfield>
    <subfield code="a">Derecho Constitucional</subfield>
    <subfield code="z">Rep&#xFA;blica Dominicana</subfield>
  </datafield>
  <datafield tag="650" ind1=" " ind2="4">
    <subfield code="9">19981</subfield>
    <subfield code="a">Carrera Constitucional</subfield>
    <subfield code="z">Rep&#xFA;blica Dominicana</subfield>
    <subfield code="x">Reglamentos</subfield>
  </datafield>
  <datafield tag="700" ind1=" " ind2=" ">
    <subfield code="a">Tejada, Leonor </subfield>
    <subfield code="e">ed.</subfield>
    <subfield code="9">81038</subfield>
  </datafield>
  <datafield tag="910" ind1=" " ind2=" ">
    <subfield code="a">MF&#xE9;liz</subfield>
  </datafield>
  <datafield tag="942" ind1=" " ind2=" ">
    <subfield code="2">ddc</subfield>
    <subfield code="c">LF2</subfield>
  </datafield>
  <datafield tag="952" ind1=" " ind2=" ">
    <subfield code="0">0</subfield>
    <subfield code="1">0</subfield>
    <subfield code="2">ddc</subfield>
    <subfield code="5">1</subfield>
    <subfield code="7">0</subfield>
    <subfield code="8">DS-F</subfield>
    <subfield code="a">BNPHU</subfield>
    <subfield code="b">BNPHU</subfield>
    <subfield code="c">HD</subfield>
    <subfield code="d">2019-03-12</subfield>
    <subfield code="e">Dep&#xF3;sito legal / Editora B&#xFA;ho</subfield>
    <subfield code="o">R426r</subfield>
    <subfield code="p">2022-0315</subfield>
    <subfield code="r">2022-01-27</subfield>
    <subfield code="w">2022-01-27</subfield>
    <subfield code="y">LF2</subfield>
  </datafield>
  <datafield tag="952" ind1=" " ind2=" ">
    <subfield code="0">0</subfield>
    <subfield code="1">0</subfield>
    <subfield code="2">ddc</subfield>
    <subfield code="5">1</subfield>
    <subfield code="7">0</subfield>
    <subfield code="8">DS-F</subfield>
    <subfield code="a">BNPHU</subfield>
    <subfield code="b">BNPHU</subfield>
    <subfield code="c">HD</subfield>
    <subfield code="d">2019-03-12</subfield>
    <subfield code="e">Dep&#xF3;sito legal / Editora B&#xFA;ho</subfield>
    <subfield code="o">R426r</subfield>
    <subfield code="p">2022-0316</subfield>
    <subfield code="r">2022-01-27</subfield>
    <subfield code="t">e.2</subfield>
    <subfield code="w">2022-01-27</subfield>
    <subfield code="y">LF2</subfield>
  </datafield>
  <datafield tag="952" ind1=" " ind2=" ">
    <subfield code="0">0</subfield>
    <subfield code="1">0</subfield>
    <subfield code="2">ddc</subfield>
    <subfield code="5">6</subfield>
    <subfield code="7">0</subfield>
    <subfield code="8">DS-F</subfield>
    <subfield code="a">BNPHU</subfield>
    <subfield code="b">BNPHU</subfield>
    <subfield code="c">HD</subfield>
    <subfield code="d">2019-03-12</subfield>
    <subfield code="e">Dep&#xF3;sito legal / Editora B&#xFA;ho</subfield>
    <subfield code="o">R426r</subfield>
    <subfield code="p">2022-0317</subfield>
    <subfield code="r">2022-01-27</subfield>
    <subfield code="t">e.3</subfield>
    <subfield code="w">2022-01-27</subfield>
    <subfield code="y">LF2</subfield>
  </datafield>
  <datafield tag="952" ind1=" " ind2=" ">
    <subfield code="0">0</subfield>
    <subfield code="1">0</subfield>
    <subfield code="2">ddc</subfield>
    <subfield code="5">6</subfield>
    <subfield code="7">0</subfield>
    <subfield code="8">DS-F</subfield>
    <subfield code="a">BNPHU</subfield>
    <subfield code="b">BNPHU</subfield>
    <subfield code="c">HD</subfield>
    <subfield code="d">2021-11-22</subfield>
    <subfield code="e">Donado por el Tribunal Constitucional</subfield>
    <subfield code="l">0</subfield>
    <subfield code="o">R426r</subfield>
    <subfield code="p">2022-2080</subfield>
    <subfield code="r">2022-05-13</subfield>
    <subfield code="t">e.4</subfield>
    <subfield code="w">2022-05-13</subfield>
    <subfield code="y">LF2</subfield>
  </datafield>
  <datafield tag="952" ind1=" " ind2=" ">
    <subfield code="0">0</subfield>
    <subfield code="1">0</subfield>
    <subfield code="2">ddc</subfield>
    <subfield code="5">6</subfield>
    <subfield code="7">0</subfield>
    <subfield code="8">DS-F</subfield>
    <subfield code="a">BNPHU</subfield>
    <subfield code="b">BNPHU</subfield>
    <subfield code="c">HD</subfield>
    <subfield code="d">2021-11-22</subfield>
    <subfield code="e">Donado por el Tribunal Constitucional</subfield>
    <subfield code="l">0</subfield>
    <subfield code="o">R426r</subfield>
    <subfield code="p">2022-2081</subfield>
    <subfield code="r">2022-05-13</subfield>
    <subfield code="t">e.5</subfield>
    <subfield code="w">2022-05-13</subfield>
    <subfield code="y">LF2</subfield>
  </datafield>
  <datafield tag="999" ind1=" " ind2=" ">
    <subfield code="c">51247</subfield>
    <subfield code="d">51247</subfield>
  </datafield>
</record>
